书目信息 |
| 题名: |
撑竿跳高
|
|
| 作者: | 胡祖荣 著 | |
| 分册: | ||
| 出版信息: | 北京 人民体育出版社 1984 |
|
| 页数: | 194页 | |
| 开本: | 19cm | |
| 丛书名: | ||
| 单 册: | ||
| 中图分类: | G823.2 | |
| 科图分类: | ||
| 主题词: | 田径运动 | |
| 电子资源: | ||
| ISBN: | ||
| 000 | 00521nam0 2200205 45 | |
| 001 | 0405050829 | |
| 005 | 20060516151157.96 | |
| 010 | @dCNY1.05 | |
| 091 | @a7015.2203 | |
| 100 | @a20040505d1984 km y0chiy0120 ea | |
| 101 | 0 | @achi |
| 105 | @aa z 000yy | |
| 200 | 1 | @a撑竿跳高@ACheng Gan Tiao Gao@f胡祖荣著@FHu Zu Rong Zhu |
| 210 | @a北京@c人民体育出版社@d1984 | |
| 215 | @a194页@c插图@d19cm | |
| 606 | 0 | @a田径运动 |
| 690 | @aG823.2@v3 | |
| 701 | 0 | @a胡祖荣@4著 |
| 801 | @aCN@bTSTCL@c20060516 | |
| 905 | @dG823.2@e13 | |
| 撑竿跳高/胡祖荣著.-北京:人民体育出版社,1984 |
| 194页:插图;19cm |
| ISBN :CNY1.05 |
| ● |
| 相关链接 |
|
|
|
|
正题名:撑竿跳高
索取号:G823.2/13
 
预约/预借
| 序号 | 登录号 | 条形码 | 馆藏地/架位号 | 状态 | 备注 |
| 1 | 0153208 | 000996408 | 第一样本阅览室/ [索取号:G823.2/13] | 在馆 | |
| 2 | 0153209 | 202354228 | 密集书库/ [索取号:G823.2/13] | 在馆 |